LEADER 00471naa a2200145 i 4500 001 000000303734 003 CaOOAMICUS 005 20180831172805.0 008 180831n xx u000 u und u 013 $a11514 040 $aSeMil$bita 100 1 $aTani, Piero.$0(OLS)http://semarc/name/87114 245 13$aLe professioni. 773 0 $tEuropa crocevia.$dRoma : Studium, copyr. 1992.$kCoscienza. Studi$z88-382-3666-6$w()39628 996 $6245$aLe professioni$9(OLS)http://semarc/title/379691 LEADER 00866nam a2200217 i 4500 001 000000063843 003 CaOOAMICUS 005 20130314000000.0 008 130314n xx u000 u lat u 013 $a35015 040 $aSeMil$bita 245 13$aDe B. M. Virgine considerata in sua missione. 300 $a621 p. 650 4$aMariologia - Testi.$0(OLS)http://semarc/subject/599 700 1 $aRoschini, Gabriele M. .$0(OLS)http://semarc/name/9852 773 0 $aRoschini, Gabriele M. $tMariologia.$dMediolani ; Bononiae ; Brixiae ; Genuae : Domus editorialis Àncora, 1941-1942.$g2$w()28199 850 $aSeMil 852 $aSeMil$W1$xVenegono$y1$m2L V 114$j29996$B29996$CSeMilBibl$Z2$F29999 $81 900 1 $aRoschini, Gabriele. 996 $6245$aDe B. M. Virgine considerata in sua missione$9(OLS)http://semarc/title/100912